Statistics for Bills players by jersey number

Click here to take the quiz!

General Stats

  • This quiz has been taken 31 times
  • The average score is 10 of 15

Answer Stats

Jersey #Answer% Correct
17Josh Allen
100%
9Kyle Allen
100%
14Stefon Diggs
100%
13Gabe Davis
89%
4James Cook
89%
73Dion Dawkins
70%
79Spencer Brown
70%
2Tyler Bass
67%
31Rasul Douglas
59%
47Christian Benford
52%
43Terrel Bernard
48%
71Ryan Bates
41%
25Tyrel Dodson
37%
70Alec Anderson
33%
76David Edwards
26%

Score Distribution

Percentile by Number Answered

Percent of People with Each Score

Your Score History

You have not taken this quiz